Posolstvo tvojho tela reč orgánov

Podrobná bibliografia
Hlavný autor: Tepperwein, Kurt, 1932- (Autor)
Ďalší autori: Galanová, Helena, 1949- (Prekladateľ)
Médium: Kniha
Jazyk:slovenčina
nemčina
Fyzický popis:264 s. ilustr., tab. 21 cm
Vydavateľské údaje: V Bratislave Noxi 2011
ISBN:9788081110634
Vydanie:2. vyd.
Predmet:

MARC

LEADER 00000cam a2200000 a 4500
001 vtls010295244
003 SK-MaSNL
005 20260301031927.0
008 240314s2011 xo g 000 0 slo
015 |a SNBA2012/08-04352 
020 |a 9788081110634  |q (viaz.) 
035 |a 6AFF4857-4B5C-4700-A7AD-584EA34FD8AA 
035 |a urn:nbn:sk:snk-amjie7 
035 |a urn:nbn:sk:snk-am001ysm 
040 |a SNK  |b slo  |c SNK  |e AACR2 
041 1 |a slo  |h ger 
044 |a xo  |c SK 
072 7 |a 616  |x Patológia. Klinická medicína  |2 konspekt 
072 7 |a 165  |x Teória poznania. Epistemológia  |2 konspekt 
080 |a 165.242.1  |2 2011 
080 |a 613.86  |2 2011 
080 |a 159.9.016.1  |2 2011 
080 |a 159.9  |2 2011 
080 |a (0.062)  |2 2011 
100 1 |a Tepperwein, Kurt,  |d 1932-  |4 aut  |9 104442 
240 1 4 |a Die Botschaft deines Körpers  |l Slovensky 
245 1 0 |a Posolstvo tvojho tela  |b reč orgánov  |c Kurt Tepperwein ; [z nemeckého originálu preložila Helena Galanová] 
250 |a 2. vyd. 
260 |a V Bratislave  |b Noxi  |c 2011 
300 |a 264 s.  |b ilustr., tab.  |c 21 cm 
504 |a Bibliografia s. 263-264 
650 0 7 |a sebapoznanie  |2 SNKPH  |9 4292 
650 0 7 |a duševné zdravie  |2 SNKPH  |9 2573 
650 0 7 |a telo a duša  |2 SNKPH  |9 27670 
650 0 7 |a duševné poruchy AA  |2 SNKPH  |9 15378 
650 0 7 |a Self-consciousness  |2 SNKPHeng  |9 281701 
650 0 7 |a Mental health  |2 SNKPHeng  |9 274767 
650 0 7 |a Body and soul  |2 SNKPHeng  |9 328287 
650 0 7 |a Diseases  |x psychological aspects  |2 SNKPHeng  |9 328288 
655 7 |a populárno-náučné publikácie  |2 SNKPH  |9 70460 
655 7 |a Popular works  |2 SNKPHeng  |9 90287 
700 1 |a Galanová, Helena,  |d 1949-  |4 trl  |9 191983 
852 |a Štátna vedecká knižnica v Banskej Bystrici 
919 |a 978-80-8111-063-4 
958 |a OP 
958 |a NB 
958 |a OND 
968 |b DT  |d 1 
999 |c 577549  |d 579479 
952 |a SNK  |b SNK  |y PREZ  |7 0  |p 17A0710491  |o snkSC 146334  |i snk2011/16430  |8 0  |0 0  |1 0  |4 0  |d 2011-07-27  |l 0  |r 2025-07-15 00:00:00  |w 2026-02-23 
952 |a SNK  |b SNK  |y VYP  |7 0  |p 17A0710490  |o snkSC 146334 D1  |i snk2011/16431  |8 0  |0 0  |1 0  |4 0  |d 2011-07-27  |f 1  |l 0  |r 2026-02-23 14:38:34  |w 2026-02-23